logo

Bir Sreshtho Munshi Abdur Rouf Library
Jhenaidah Cadet College

বঙ্গবন্ধুর ৭ মার্চের ভাষণ: (Record no. 11388)

MARC details
000 -LEADER
fixed length control field 00918nam a2200241 a 4500
001 - CONTROL NUMBER
JCCL Control Number 11388
003 - CONTROL NUMBER IDENTIFIER
JCCL marc code BD-JhCC
005 - DATE AND TIME OF LATEST TRANSACTION
control field 20220307134020.0
008 - FIXED-LENGTH DATA ELEMENTS--GENERAL INFORMATION
fixed length control field 190909b 2018bg |||| ||a| 000 0 ben d
020 ## - INTERNATIONAL STANDARD BOOK NUMBER
International Standard Book Number 97898490080703
035 ## - SYSTEM CONTROL NUMBER
system control number (BD-JhCC)11388
040 ## - CATALOGING SOURCE
Original cataloging agency BD-JhCC
Modifying agency BD-JhCC
041 ## - LANGUAGE CODE
Language code of Book ben
082 ## - DEWEY DECIMAL CLASSIFICATION NUMBER
Classification number 923
Author mark and Year BAN 2018
245 ## - TITLE STATEMENT
Title বঙ্গবন্ধুর ৭ মার্চের ভাষণ:
Statement of responsibility, etc বৈশ্বিক প্রামাণ্য ঐতিহ্য /
Remainder of title সম্পাদিত: ড. আনু মাহমুদ ।
260 ## - PUBLICATION, DISTRIBUTION, ETC. (IMPRINT)
Place of publication, distribution, etc ঢাকা:
Name of publisher, distributor, etc ন্যাশনাল পাবলিকেশন;
Date of publication, distribution, etc ২০১৮.
300 ## - PHYSICAL DESCRIPTION
Pagination ৭১৯ পৃ. :
Dimensions ২২ সেমি.
600 ## - SUBJECT ADDED ENTRY--PERSONAL NAME
Personal name Mujibur Rahman, Sheikh,
Dates associated with a name 1920-1975
650 ## - SUBJECT ADDED ENTRY--TOPICAL TERM
Topical term or geographic name as entry element Politics and government
Geographic subdivision Bangladesh
700 ## - ADDED ENTRY--PERSONAL NAME
Personal name মাহমুদ, ড. আনু
942 ## - ADDED ENTRY ELEMENTS (KOHA)
Source of classification or shelving scheme Dewey Decimal Classification
Koha item type Books
Koha issues (borrowed), all copies 3
Holdings
Source of classification or shelving scheme Damaged status Not for loan Home library Current library Shelving location Date of accession Cost, normal purchase price Total Checkouts Full call number Barcode Date last seen Copy number Koha item type Date checked out
Dewey Decimal Classification     JCC Rouf Library JCC Rouf Library General Stacks 09/09/2019 850.00   320 BAN 2018 15353 09/09/2019 C-1 Books  
Dewey Decimal Classification     JCC Rouf Library JCC Rouf Library General Stacks 09/09/2019 700.00 1 320 BAN 2018 15451 05/17/2022 C-2 Books 03/06/2022
Dewey Decimal Classification     JCC Rouf Library JCC Rouf Library General Stacks 09/09/2019 700.00 1 320 BAN 2018 15452 03/08/2022 C-3 Books 03/05/2022

JCC Library | Contacts | JCC Home

Last Update on 23 September 2017
Copyright @ 2017-2020 JCC Rouf Library
Rouf Library, Jhenidah Cadet College (JCC), Bangladesh